<?xml version="1.0" encoding="UTF-8"?><?xml-stylesheet type="text/xsl" href="static/style.xsl"?><OAI-PMH xmlns="http://www.openarchives.org/OAI/2.0/" xmlns:xsi="http://www.w3.org/2001/XMLSchema-instance" xsi:schemaLocation="http://www.openarchives.org/OAI/2.0/ http://www.openarchives.org/OAI/2.0/OAI-PMH.xsd"><responseDate>2026-04-17T13:33:02Z</responseDate><request verb="GetRecord" identifier="oai:www.recercat.cat:2445/106328" metadataPrefix="marc">https://recercat.cat/oai/request</request><GetRecord><record><header><identifier>oai:recercat.cat:2445/106328</identifier><datestamp>2025-12-05T05:52:51Z</datestamp><setSpec>com_2072_1057</setSpec><setSpec>col_2072_478808</setSpec><setSpec>col_2072_478917</setSpec></header><metadata><record xmlns="http://www.loc.gov/MARC21/slim" xmlns:dcterms="http://purl.org/dc/terms/" xmlns:xsi="http://www.w3.org/2001/XMLSchema-instance" xmlns:doc="http://www.lyncode.com/xoai" xsi:schemaLocation="http://www.loc.gov/MARC21/slim http://www.loc.gov/standards/marcxml/schema/MARC21slim.xsd">
   <leader>00925njm 22002777a 4500</leader>
   <datafield ind2=" " ind1=" " tag="042">
      <subfield code="a">dc</subfield>
   </datafield>
   <datafield ind2=" " ind1=" " tag="720">
      <subfield code="a">Clavería González, Óscar</subfield>
      <subfield code="e">author</subfield>
   </datafield>
   <datafield ind2=" " ind1=" " tag="720">
      <subfield code="a">Pérez Marín, Ana María</subfield>
      <subfield code="e">author</subfield>
   </datafield>
   <datafield ind2=" " ind1=" " tag="260">
      <subfield code="c">2017-02-01T09:59:59Z</subfield>
   </datafield>
   <datafield ind2=" " ind1=" " tag="260">
      <subfield code="c">2017-02-01T09:59:59Z</subfield>
   </datafield>
   <datafield ind2=" " ind1=" " tag="260">
      <subfield code="c">2017-01</subfield>
   </datafield>
   <datafield ind2=" " ind1=" " tag="260">
      <subfield code="c">2017-02-01T09:59:59Z</subfield>
   </datafield>
   <datafield ind2=" " ind1=" " tag="520">
      <subfield code="a">El presente artículo se centra en la generación de mapas perceptuales de los ránkings de las percepciones y las expectativas de los graduados universitarios, los profesores y los empresarios en cuanto al desarrollo de competencias. La información parte de una encuesta realizada entre licenciados y académicos de la Facultad de Economía y Empresa de la Universidad de Barcelona y empresarios catalanes. En primer lugar se jerarquizan las competencias y habilidades desarrolladas durante los estudios universitarios. Los ránkings se combinan para los tres colectivos con el objetivo de proyectar visualmente el posicionamiento de los tres tipos de competencias (genéricas, personales y específicas) en mapas perceptuales generados mediante diferentes tipos de técnicas multivariantes de reducción de la dimensionalidad para datos ordinales (escalamiento multidimensional y componentes principals categóricos). A partir del análisis realizado, se observa un elevado consenso entre los tres colectivos por lo que respecta a la relevancia de las competencias. Los mapas perceptuales permiten captar el grado de similitud entre las competencias analizadas en términos de su posicionamiento. Así, destacan como mejor posicionadas la organización y planificación entre las competencias genéricas; la comunicación oral y escrita entre las personales; y la capacidad de aprendizaje entre las específicas.</subfield>
   </datafield>
   <datafield tag="653" ind2=" " ind1=" ">
      <subfield code="a">Competències professionals</subfield>
   </datafield>
   <datafield tag="653" ind2=" " ind1=" ">
      <subfield code="a">Universitats</subfield>
   </datafield>
   <datafield tag="653" ind2=" " ind1=" ">
      <subfield code="a">Mapes conceptuals</subfield>
   </datafield>
   <datafield tag="653" ind2=" " ind1=" ">
      <subfield code="a">Enquestes</subfield>
   </datafield>
   <datafield tag="653" ind2=" " ind1=" ">
      <subfield code="a">Ensenyament d'economia i empresa</subfield>
   </datafield>
   <datafield tag="653" ind2=" " ind1=" ">
      <subfield code="a">Vocational qualifications</subfield>
   </datafield>
   <datafield tag="653" ind2=" " ind1=" ">
      <subfield code="a">Universities</subfield>
   </datafield>
   <datafield tag="653" ind2=" " ind1=" ">
      <subfield code="a">Concept mapping</subfield>
   </datafield>
   <datafield tag="653" ind2=" " ind1=" ">
      <subfield code="a">Surveys</subfield>
   </datafield>
   <datafield tag="653" ind2=" " ind1=" ">
      <subfield code="a">Economics and business education</subfield>
   </datafield>
   <datafield ind2="0" ind1="0" tag="245">
      <subfield code="a">Valoración del desarrollo de competencias de los estudiantes mediante mapas perceptuales: Una aplicación en la Facultad de Economía y Empresa de la Universidad de Barcelona</subfield>
   </datafield>
</record></metadata></record></GetRecord></OAI-PMH>